000 00487nam a2200157Ia 4500
005 20240404060705.0
008 240331s9999 xx 000 0 und d
020 _a13910582
082 _bRAS
_a331
100 _aRasanayagam, Yoga
245 0 _aGlobalization and flexibility of female labour :
_bcase studies of selected villages in the district of Kurunagala
260 _aColombo :
_bCenter for Society and Religion :
_c1998.
300 _aii, 53 p .,
650 _aWomen.
942 _cL
999 _c2598
_d2598